| 000 | 00740cam a2200217 4500 | ||
|---|---|---|---|
| 001 | D13310 | ||
| 008 | 090401t1952 xxu||||| |||| 00| 0 eng d | ||
| 035 | _a(Sirsi) u8957 | ||
| 041 | _aeng | ||
| 110 |
_aLondon County Council _91711 |
||
| 245 | _aLondon Building (Constructional) Byelaws 1952 with respect to the construction and conversion of buildings and cognate matters made in pursuance of the London Building Acts, 1930-1939 | ||
| 260 |
_aLondon _bLondon County Council _c1952 |
||
| 350 | _a0 | ||
| 520 | _aShelf 118 | ||
| 650 |
_aBUILDING CONTROL _96222 |
||
| 650 | _aLONDON BUILDING (CONSTRUCTIONAL) BY-LAWS 1952 | ||
| 650 | _aLONDON | ||
| 690 | _aBUILDING AND CONSTRUCTION-REGULATIONS | ||
| 942 | _n0 | ||
| 948 | _c04/03/1997 | ||
| 999 |
_c86583 _d86583 |
||